00903nam a2200241 a 450000100060000000300080000600500170001400800410003102000220007203500200009404000270011404100080014108200250014924502080017426000490038230000320043150400280046365000170049165000600050870000240056870000210059271000480061366801BD-RjUL20211209081559.0170320s1997 io 100 0 eng d a9798764064 (pbk.) a(BD-RjUL) 66932 aEQFcEQFdBD-RjULbeng aeng 223a634.99bCUR 199700aCurrent issues in non-timber forest products research :bproceedings of the workshop "Research on NTFP", Hot Springs, Zimbabwe, 28 August - 2 September 1995 /ceditors: M. Ruiz Pérez and J.E.M. Arnold. a Indonesia :bCifor,cc1996 [Reprinted 1997] ax, 264 p. :bill. ;c24 cm. aIncludes bibliographies 0aAgroforestry 0aForests and forestryzDeveloping countriesvCongresses.1 aRuiz Perez, Manuel.1 aArnold, J. E. M.2 aCenter for International Forestry Research.